Исследование процессов подготовки, применения и контроля качества авиаГСМ и спецжидкостей: сборник научных трудов

Bibliografiska uppgifter
Institutionell upphovsman: Киевский институт инженеров гражданской авиации
Övriga upphovsmän: Аксенов А. Ф. (редактор)
Språk:ryska
Publicerad: Киев, Ин-т инженеров гражданской авиации, 1988
Ämnen:
Materialtyp: MixedMaterials Bok
KOHA link:https://koha.lib.tpu.ru/cgi-bin/koha/opac-detail.pl?biblionumber=251575

MARC

LEADER 00000nam0a2200000 4500
001 251575
005 20231101232653.0
035 |a (RuTPU)RU\TPU\book\273883 
035 |a RU\TPU\book\115657 
090 |a 251575 
100 |a 20140222d1988 k y0rusy50 ca 
101 0 |a rus 
102 |a UA 
105 |a a z 001zy 
200 1 |a Исследование процессов подготовки, применения и контроля качества авиаГСМ и спецжидкостей  |e сборник научных трудов  |f Киевский институт инженеров гражданской авиации; под ред. А. Ф. Аксенова 
210 |a Киев  |c Ин-т инженеров гражданской авиации  |d 1988 
215 |a 132 с.  |c ил. 
320 |a Библиогр. в конце ст. 
606 1 |a Авиационное топливо  |x Физико-химические свойства  |2 stltpush  |3 (RuTPU)RU\TPU\subj\170  |9 29188 
610 1 |a эксплуатационные свойства 
610 1 |a авиационные масла 
610 1 |a применение 
610 1 |a контроль 
610 1 |a подготовка 
610 1 |a экономические показатели 
610 1 |a улучшение 
610 1 |a хранение 
610 1 |a качество 
675 |a 621.431.75-6  |v 3 
702 1 |a Аксенов  |b А. Ф.  |4 340 
712 0 2 |a Киевский институт инженеров гражданской авиации  |2 stltpush  |3 (RuTPU)RU\TPU\col\7483  |9 24336 
801 1 |a RU  |b 63413507  |c 20061219  |g PSBO 
801 2 |a RU  |b 63413507  |c 20140228  |g PSBO 
942 |c BK